|
|
|
|
| LEADER |
00768nam a2200193 i 4500 |
| 001 |
acta57202 |
| 005 |
20210730124036.0 |
| 008 |
190410s1940 hu o 0|| hun d |
| 040 |
|
|
|a SZTE Egyetemi Kiadványok Repozitórium
|b hun
|
| 041 |
|
|
|a hun
|
| 100 |
1 |
|
|a Mészáros Gyula
|
| 245 |
1 |
0 |
|a Ál-török nép- és személynevek III.
|h [elektronikus dokumentum] /
|c Mészáros Gyula
|
| 260 |
|
|
|c 1940
|
| 300 |
|
|
|a 27
|
| 490 |
0 |
|
|a A Szegedi Alföldkutató Bizottság könyvtára : IV. (társadalom- és néprajzi) szakosztály közleményei
|
| 650 |
|
4 |
|a Bölcsészettudományok
|
| 650 |
|
4 |
|a Nyelvek és irodalom
|
| 695 |
|
|
|a Személynév, Nyelvtörténet, Népnevek
|
| 856 |
4 |
0 |
|u http://acta.bibl.u-szeged.hu/57202/1/alfoldkutato_004_039_nepunk_011_001-027.pdf
|z Dokumentum-elérés
|